000 01980cam a22002174a 4500
005 20250605164234.0
008 250528s ||||||||||||||||||||||||d
035 _a21088
020 _a9789602185018
040 _aGR-AtMCL
_bgre
_dGR-AtMCL
_eAACR2
245 1 _aΕπιχειρηματικότητα
260 _bΚριτική,
_c2007
300 _a512
520 _aΜια πρωτότυπη και σύγχρονη παρουσίαση της επιχειρηματικότητας. Πρόλογος, Υποστηρικτικό Υλικό στο Διαδίκτυο, Ο Επιχειρηματίας: Έννοιες και Ευρήματα, Επιχειρηματική Δραστηριότητα και η Οικονομία και η Σπουδαιότητα των Μικρών Επιχειρήσεων, Η Ποικιλότητα στην Επιχειρηματικότητα: Ο Ρόλος των Γυναικών και των Εθνοτικών Μειονοτήτων, Πηγές Χρηματοδότησης: Επισκόπηση Ζητημάτων και Δανειακή Χρηματοδότηση, Πηγές Χρηματοδότησης: Επιχειρηματικά Κεφάλαια Υψηλού Κινδύνου (EKYK - Venture Capital), Καινοτομία και Επιχειρηματικότητα Επιχειρηματικές Οικονομικές Μονάδες και Δυναμικές Επιχειρήσεις, Διεθνής Επιχειρηματικότητα, Διάφορα Ζητήματα Εκκίνησης Επιχειρηματικής Δραστηριότητας, Προετοιμασία για την Επιχειρηματική Εκκίνηση: Έρευνα και Σχεδιασμός και Υλοποίηση Επιχειρηματικών Σχεδίων.
700 1 _aDeakins Dean
_97118
700 1 _aFreel Mark
_92792
700 1 _aΣπανός Λουκάς
_97119
942 _cBK
999 _c6158
_d6158